| 000 | 00478nam a2200169Ia 4500 | ||
|---|---|---|---|
| 008 | 220216s9999 xx 000 0 und d | ||
| 100 | _aKornev A E | ||
| 245 | 0 | _aUse of new inorganic fillers in tyre rubber formulations | |
| 260 |
_bInternational Polymer Science and Technology _c2002 |
||
| 300 | _a24-29 | ||
| 650 | _aInorganic fillers | ||
| 650 | _aTyre rubber formulation | ||
| 700 | _aBobrov A P | ||
| 700 | _aKharlamov SE | ||
| 700 | _aSheverdyaev O N | ||
| 942 | _cJS | ||
| 999 |
_c71877 _d71877 |
||